<?xml version="1.0" encoding="UTF-8"?>
<marc:record xmlns:marc="http://www.loc.gov/MARC21/slim">
   <marc:leader>00000nam a2200000 a 4500</marc:leader>
   <marc:datafield ind1="1" ind2=" " tag="100">
      <marc:subfield code="a">Evaristo, Bernardine</marc:subfield>
      <marc:subfield code="4">aut</marc:subfield>
      <marc:subfield code="e">Verfasser/-in</marc:subfield>
   </marc:datafield>
   <marc:datafield ind1="1" ind2=" " tag="100">
      <marc:subfield code="a">Handels, Tanja</marc:subfield>
      <marc:subfield code="4">trl</marc:subfield>
      <marc:subfield code="e">Übersetzer/-in</marc:subfield>
   </marc:datafield>
   <marc:datafield ind1=" " ind2=" " tag="653">
      <marc:subfield code="a">(Produktform)Hardback</marc:subfield>
   </marc:datafield>
   <marc:datafield ind1=" " ind2=" " tag="653">
      <marc:subfield code="a">(Produktform (spezifisch))With dust jacket</marc:subfield>
   </marc:datafield>
   <marc:datafield ind1=" " ind2=" " tag="653">
      <marc:subfield code="a">(VLB-WN)1971: Hardcover, Softcover / Sachbücher/Po</marc:subfield>
   </marc:datafield>
   <marc:datafield ind1=" " ind2=" " tag="653">
      <marc:subfield code="a">Feminismus</marc:subfield>
   </marc:datafield>
   <marc:datafield ind1=" " ind2=" " tag="653">
      <marc:subfield code="a">Gender</marc:subfield>
   </marc:datafield>
   <marc:datafield ind1=" " ind2=" " tag="653">
      <marc:subfield code="a">Genderdebatte</marc:subfield>
   </marc:datafield>
   <marc:datafield ind1=" " ind2=" " tag="653">
      <marc:subfield code="a">Booker Prize</marc:subfield>
   </marc:datafield>
   <marc:datafield ind1=" " ind2=" " tag="653">
      <marc:subfield code="a">Gender;Feminismus;Genderdebatte;Booker Prize;PoC;E</marc:subfield>
   </marc:datafield>
   <marc:datafield ind1="0" ind2="0" tag="245">
      <marc:subfield code="a">Manifesto. Warum ich niemals aufgebe.</marc:subfield>
   </marc:datafield>
   <marc:datafield ind1="0" ind2="0" tag="245">
      <marc:subfield code="c">Bernardine Evaristo</marc:subfield>
   </marc:datafield>
   <marc:datafield ind1=" " ind2="1" tag="264">
      <marc:subfield code="a">Stuttgart</marc:subfield>
      <marc:subfield code="b">Tropen</marc:subfield>
      <marc:subfield code="c">2022</marc:subfield>
   </marc:datafield>
   <marc:datafield ind1=" " ind2=" " tag="250">
      <marc:subfield code="a">1. Auflage 2022</marc:subfield>
   </marc:datafield>
   <marc:datafield ind1="1" ind2=" " tag="520">
      <marc:subfield code="a">Angaben aus der Verlagsmeldung &lt;br/&gt;&lt;br/&gt; Ein inspirierendes Buch über den Lebensweg der ersten Schwarzen Booker-Prize-Gewinnerin und Bestseller-Autorin von »Mädchen, Frau etc.«&lt;br/&gt;&lt;br/&gt;  Manifesto : Warum ich niemals aufgebe Manifesto. On Never Giving Up / von Bernardine Evaristo &lt;br/&gt;&lt;br/&gt; &lt;br/&gt;&lt;br/&gt;  &lt;br/&gt;&lt;br/&gt; "Bernardine Evaristo gehört zu denen, die überall und von allen gelesen werden sollten." - Elif Shafak&lt;br/&gt;  &lt;br/&gt;&lt;br/&gt; Das bewegende Manifest, niemals aufzugeben von der bahnbrechenden Booker-Preis-Gewinnerin Bernardine Evaristo&lt;br/&gt;  &lt;br/&gt;Frau. Schwarz. Lesbisch. Prekär. Schriftstellerin. Vierzig Jahre lang waren das die Stigmata, mit denen Bernardine Evaristo konfrontiert wurde. Doch von Anfang an hat sie dagegen angekämpft, dagegen angeschrieben, sich eingesetzt. Für einen Raum der Vielfalt und Toleranz für alle. Die bewegende Geschichte der ersten schwarzen Booker-Preisträgerin  ein Manifest dafür, niemals aufzugeben. &lt;br/&gt;Manifesto: Warum ich niemals aufgebe ist das intime, inspirierende und kompromisslose Zeugnis dafür, wie Bernardine Evaristo, Booker-Preisträgerin und Bestsellerautorin, es geschafft hat, ihren eigenen Weg zu finden und ihn allen Widerständen zum Trotz unbeirrt weiterzugehen. &lt;br/&gt;Aufbauend auf ihrer Herkunft, Kindheit, ihrem Lebensstil, ihren Beziehungen und ihrer Kreativität zeigt Bernardine Evaristo, wie sich ihre Rebellion gegen den Mainstream der Kunst und ihr lebenslanger Einsatz für die Sichtbarmachung unerzählter Geschichten entwickelt hat. &lt;br/&gt;Ein wichtiger Beitrag zu gegenwärtigen Diskussionen um bedeutende, gesellschaftliche und soziale Themen, wie »Rasse«, Klassenzugehörigkeit, Feminismus, Sexualität und Alter.</marc:subfield>
   </marc:datafield>
   <marc:datafield ind1=" " ind2=" " tag="020">
      <marc:subfield code="a">9783608500158</marc:subfield>
      <marc:subfield code="9">9783608500158</marc:subfield>
   </marc:datafield>
   <marc:datafield ind1=" " ind2=" " tag="041">
      <marc:subfield code="a">ger</marc:subfield>
   </marc:datafield>
   <marc:datafield ind1="1" ind2=" " tag="521">
      <marc:subfield code="a">0</marc:subfield>
   </marc:datafield>
   <marc:datafield ind1=" " ind2=" " tag="300">
      <marc:subfield code="a">256 Seiten</marc:subfield>
   </marc:datafield>
</marc:record>
